Los postgrados en educación superior en Argentina y Latinoamérica: conferencias, paneles y foros desarrollados en el I congreso Argentino y Latinoamericano de postgrados en educación superior
Guardat en:
| Autors principals: | , |
|---|---|
| Format: | Llibre |
| Idioma: | espanyol |
| Publicat: |
San Luis
Nueva Editorial Universitaria
2010
|
| Edició: | 1a. ed |
| Col·lecció: | Actividades del Bicentenario 1810-2010
|
| Matèries: | |
| Etiquetes: |
Afegir etiqueta
Sense etiquetes, Sigues el primer a etiquetar aquest registre!
|
MARC
| LEADER | 00000nam a2200000 a 4500 | ||
|---|---|---|---|
| 001 | UCG6338 | ||
| 003 | CL-VaPUC | ||
| 005 | 20220829152804.0 | ||
| 008 | 110414e20100000ag 1 spa d | ||
| 020 | |a 9789871595617 | ||
| 082 | 0 | 4 | |a 378.82 |b MAI |2 21 |
| 100 | 1 | |a Mainero, Nelly Esther |e author |9 621747 | |
| 700 | 1 | |a Mazzola, Carlos |e author |9 621748 | |
| 245 | 1 | 4 | |a Los postgrados en educación superior en Argentina y Latinoamérica: conferencias, paneles y foros desarrollados en el I congreso Argentino y Latinoamericano de postgrados en educación superior |
| 250 | |a 1a. ed | ||
| 260 | |a San Luis |b Nueva Editorial Universitaria |c 2010 | ||
| 300 | |a 219 p | ||
| 490 | 0 | |a Actividades del Bicentenario 1810-2010 | |
| 583 | |a last modification |c 20110414 00:00:00 |k Rodrigo Vera | ||
| 600 | 1 | 7 | |a PEREZ, AUGUSTO |2 CL-VaPUC |9 621749 |
| 600 | 1 | 7 | |a VEGA, ROBERTO |2 CL-VaPUC |9 621750 |
| 600 | 1 | 7 | |a ARNOUX, ELVIRA |2 CL-VaPUC |9 621751 |
| 600 | 1 | 7 | |a LUCARELLI, ELISA |2 CL-VaPUC |9 621752 |
| 600 | 1 | 7 | |a BUENO FISHER, MARIA CLARA |2 CL-VaPUC |9 621753 |
| 600 | 1 | 7 | |a ARAUJO, SONIA |2 CL-VaPUC |9 621754 |
| 600 | 1 | 7 | |a PEREZ DEL VISO DE PALOU, ROSA |2 CL-VaPUC |9 621755 |
| 600 | 1 | 7 | |a MENTASY, LILIANA |2 CL-VaPUC |9 621756 |
| 600 | 1 | 7 | |a TREBINO, HERNAN JORGE |2 CL-VaPUC |9 621757 |
| 600 | 1 | 7 | |a MARQUINA, MONICA |2 CL-VaPUC |9 621758 |
| 600 | 1 | 7 | |a PEREZ RASSETTI, CARLOS |2 CL-VaPUC |9 621759 |
| 600 | 1 | 7 | |a CRUZ CARDONA, VICTOR |2 CL-VaPUC |9 621760 |
| 600 | 1 | 7 | |a MENDES CATANI, AFRANIO |2 CL-VaPUC |9 621761 |
| 600 | 1 | 7 | |a CHIROLEU, ADRIANA |2 CL-VaPUC |9 621762 |
| 600 | 1 | 7 | |a SUASNABAR, CLAUDIO |2 CL-VaPUC |9 621763 |
| 600 | 1 | 7 | |a NOSIGLIA, MARIA CATALINA |2 CL-VaPUC |9 621764 |
| 650 | 0 | 0 | |a Educación superior |9 223851 |
| 650 | 0 | 7 | |a POSTGRADOS |2 CL-VaPUC |9 621765 |
| 650 | 0 | 0 | |a Actas de Congresos |9 621766 |
| 651 | 0 | |a Argentina |9 254888 | |
| 651 | 0 | |a América Latina |9 255027 | |
| 942 | |c BK | ||
| 945 | |a jcampos |d 20110414 00:00:00 | ||
| 546 | |a En Español | ||
| 536 | |a Red Argentina de Postgrados en Educación Superior | ||
| 518 | |p En el Bicentenario de la Nación Argentina, I Congreso Argentino y Latinoamericano de Postgrados en Educación Superior, Argentina, 12-14 Mayo 2010 | ||
| 999 | |c 384613 |d 384611 | ||
| 952 | |0 0 |1 0 |4 0 |6 378_820000000000000_MAI_2010 |7 0 |8 A |9 507452 |a FDOPOS |b FDOPOS |d 2020-01-23 |i 4767748 |o 378.82 MAI 2010 |p 4767748 |r 2025-01-22 |w 2020-01-23 |y BK |k DLA | ||